Taylor Swift - Paroles Death By a Thousand Cuts - Statistiques

Statistiques générales
  • Ce quiz a été pris 109 fois
  • Le résultat moyen est 363 sur 405
Statistiques - réponses
Hint Réponse % Correct
a
100%
by
100%
cut
100%
death
100%
I
100%
"I
100%
thousand
100%
it
99%
it's
99%
It's
99%
(it's
99%
me
99%
but
97%
But
97%
cuts
97%
cuts)
97%
love
97%
love,
97%
my
97%
Bridge My
97%
no
97%
No,
97%
no,
97%
say,
97%
the
97%
The
97%
this
97%
up
97%
when
97%
you
97%
You
97%
(you
97%
your
97%
enough
96%
enough,
96%
is
96%
Is
96%
not
96%
of
96%
and
94%
And
94%
baby
94%
didn't
94%
goodbye
94%
to
94%
we
94%
you're
94%
'Cause
93%
drunk,
93%
drunk
93%
find
93%
Flashbacks
93%
get
93%
part
93%
body,
91%
don't
91%
know"
91%
look
91%
ok
91%
on
91%
Refrain Saying
91%
saying
91%
take
91%
that
91%
touch
91%
touch)
91%
was
91%
windows
91%
bad
90%
be
90%
morning
90%
comes
88%
for
88%
home
88%
I'm
88%
now
88%
Now
88%
through
88%
in
87%
like
87%
long
87%
One
87%
said
87%
way
87%
heart,
85%
lights
85%
pretend
85%
spirit,
85%
stand
85%
still
85%
Trying
85%
can't
84%
drug
84%
great
84%
hips,
84%
time
84%
time,
84%
ask
82%
Gave
82%
haunted
82%
Our
82%
our
82%
They
82%
thin
82%
traffic
82%
all
81%
if
81%
just
81%
right
81%
right,
81%
searching
81%
ages
79%
am
79%
club
79%
Even
79%
hand
79%
over
79%
see
79%
share
79%
trust
79%
country,
78%
I'll
78%
okay
78%
pages?
78%
thing
78%
town
78%
Why
78%
only
76%
signs
76%
story's
76%
united
76%
wasn't
76%
writing
76%
guess
75%
songs,
75%
too
75%
everywhere
74%
films,
74%
it'll
74%
one's
74%
small
74%
though
74%
what
74%
much
72%
wine,
72%
Chandelier
71%
here
71%
land
71%
ours
71%
them
71%
kill
69%
Paper
68%
paper
68%
waking
68%
once
65%
with
63%
fears
62%
lawless
62%
flickering
59%
plans
56%
Quiet
54%
Chandelier's
53%
dress
53%
from
53%
stings
50%
boarded
44%
Aucun quiz correspondant
Distribution des résultats
% des personnes avec chaque résultat
Percentile par nombre de réponses
Votre historique - résultats
Vous n’avez pas pris ce quiz